00532nam a22001817a 450000500170000001000150001702000260003203500130005803500170007103700130008803700270010108200150012810000280014324500610017126000370023227000540026930000270032320140324153904.0 aENG-106625 a9788171327027c900.00 aEN-90158 aB-500324-326 bDBAD/PUB bMallika Books/Venadpl a344.540327 aSelvakumar, M. D. Allen aChild Rights In The New Era /cby M. D. Allen Selvakumar aJaipurbPointer Publishersc2012 a807, Vyas Building, Chaura Rasta bJaipure302003 axvii, 246p.c20cm (Hb)